<?xml version="1.0" encoding="UTF-8"?>
<record
    xmlns:xsi="http://www.w3.org/2001/XMLSchema-instance"
    xsi:schemaLocation="http://www.loc.gov/MARC21/slim http://www.loc.gov/standards/marcxml/schema/MARC21slim.xsd"
    xmlns="http://www.loc.gov/MARC21/slim">

  <leader>01452nam0a22003251  4500</leader>
  <controlfield tag="001">rc\3176654</controlfield>
  <controlfield tag="005">20250530090954.0</controlfield>
  <datafield tag="021" ind1=" " ind2=" ">
    <subfield code="a">RU</subfield>
    <subfield code="b">[76-30111]</subfield>
  </datafield>
  <datafield tag="035" ind1=" " ind2=" ">
    <subfield code="a">(NLR Aleph) 007330863</subfield>
  </datafield>
  <datafield tag="090" ind1=" " ind2=" ">
    <subfield code="a">6008024</subfield>
    <subfield code="c">6008024</subfield>
  </datafield>
  <datafield tag="100" ind1=" " ind2=" ">
    <subfield code="a">20120615d1976    |||y0rusy50      ca</subfield>
  </datafield>
  <datafield tag="101" ind1="0" ind2=" ">
    <subfield code="a">rus</subfield>
  </datafield>
  <datafield tag="102" ind1=" " ind2=" ">
    <subfield code="a">RU</subfield>
  </datafield>
  <datafield tag="105" ind1=" " ind2=" ">
    <subfield code="a">y   z   |||||</subfield>
  </datafield>
  <datafield tag="200" ind1="1" ind2=" ">
    <subfield code="a">&#x422;&#x440;&#x435;&#x445;&#x43C;&#x435;&#x440;&#x43D;&#x44B;&#x435; &#x437;&#x430;&#x434;&#x430;&#x447;&#x438; &#x43C;&#x430;&#x442;&#x435;&#x43C;&#x430;&#x442;&#x438;&#x447;&#x435;&#x441;&#x43A;&#x43E;&#x439; &#x442;&#x435;&#x43E;&#x440;&#x438;&#x438; &#x443;&#x43F;&#x440;&#x443;&#x433;&#x43E;&#x441;&#x442;&#x438; &#x438; &#x442;&#x435;&#x440;&#x43C;&#x43E;&#x443;&#x43F;&#x440;&#x443;&#x433;&#x43E;&#x441;&#x442;&#x438;</subfield>
    <subfield code="e">&#x41A;&#x43B;&#x430;&#x441;&#x441;&#x438;&#x447;. &#x438; &#x43C;&#x438;&#x43A;&#x440;&#x43E;&#x43F;&#x43E;&#x43B;&#x44F;&#x440;&#x43D;&#x430;&#x44F; &#x442;&#x435;&#x43E;&#x440;&#x438;&#x44F;</subfield>
    <subfield code="e">&#x421;&#x442;&#x430;&#x442;&#x438;&#x43A;&#x430;, &#x433;&#x430;&#x440;&#x43C;&#x43E;&#x43D;. &#x43A;&#x43E;&#x43B;&#x435;&#x431;&#x430;&#x43D;&#x438;&#x44F;, &#x434;&#x438;&#x43D;&#x430;&#x43C;&#x438;&#x43A;&#x430;</subfield>
    <subfield code="e">&#x41E;&#x441;&#x43D;&#x43E;&#x432;&#x44B; &#x438; &#x43C;&#x435;&#x442;&#x43E;&#x434;&#x44B; &#x440;&#x435;&#x448;&#x435;&#x43D;&#x438;&#x44F;</subfield>
    <subfield code="f">[&#x41A;&#x443;&#x43F;&#x440;&#x430;&#x434;&#x437;&#x435; &#x412;.&#x414;., &#x413;&#x435;&#x433;&#x435;&#x43B;&#x438;&#x430; &#x422;.&#x413;., &#x411;&#x430;&#x448;&#x435;&#x43B;&#x435;&#x439;&#x448;&#x432;&#x438;&#x43B;&#x438; &#x41C;.&#x41E;., &#x411;&#x443;&#x440;&#x447;&#x443;&#x43B;&#x430;&#x434;&#x437;&#x435; &#x422;.&#x412;.]</subfield>
    <subfield code="g">&#x41F;&#x43E;&#x434; &#x43E;&#x431;&#x449;. &#x440;&#x435;&#x434;. &#x412;.&#x414;. &#x41A;&#x443;&#x43F;&#x440;&#x430;&#x434;&#x437;&#x435;</subfield>
  </datafield>
  <datafield tag="205" ind1=" " ind2=" ">
    <subfield code="a">2-&#x435; &#x438;&#x437;&#x434;., &#x43F;&#x435;&#x440;&#x435;&#x440;&#x430;&#x431;. &#x438; &#x434;&#x43E;&#x43F;.</subfield>
  </datafield>
  <datafield tag="210" ind1=" " ind2=" ">
    <subfield code="a">&#x41C;&#x43E;&#x441;&#x43A;&#x432;&#x430;</subfield>
    <subfield code="c">&#x41D;&#x430;&#x443;&#x43A;&#x430;</subfield>
    <subfield code="d">1976</subfield>
  </datafield>
  <datafield tag="215" ind1=" " ind2=" ">
    <subfield code="a">663 &#x441;.</subfield>
    <subfield code="d">27</subfield>
  </datafield>
  <datafield tag="320" ind1=" " ind2=" ">
    <subfield code="a">&#x41F;&#x440;&#x435;&#x434;&#x43C;. &#x443;&#x43A;&#x430;&#x437;.: &#x441;. 661-663</subfield>
  </datafield>
  <datafield tag="320" ind1=" " ind2=" ">
    <subfield code="a">&#x421;&#x43F;&#x438;&#x441;&#x43E;&#x43A; &#x43B;&#x438;&#x442;.: &#x441;. 638-658</subfield>
  </datafield>
  <datafield tag="606" ind1=" " ind2=" ">
    <subfield code="a">&#x423;&#x43F;&#x440;&#x443;&#x433;&#x43E;&#x441;&#x442;&#x44C;, &#x442;&#x435;&#x43E;&#x440;&#x438;&#x44F;</subfield>
    <subfield code="x">&#x422;&#x440;&#x435;&#x445;&#x43C;&#x435;&#x440;&#x43D;&#x44B;&#x435; &#x437;&#x430;&#x434;&#x430;&#x447;&#x438;</subfield>
    <subfield code="2">psbo</subfield>
  </datafield>
  <datafield tag="701" ind1=" " ind2="1">
    <subfield code="a">&#x413;&#x435;&#x433;&#x435;&#x43B;&#x438;&#x430;</subfield>
    <subfield code="b">&#x422;.&#x413;.</subfield>
  </datafield>
  <datafield tag="701" ind1=" " ind2="1">
    <subfield code="a">&#x411;&#x430;&#x448;&#x435;&#x43B;&#x435;&#x439;&#x448;&#x432;&#x438;&#x43B;&#x438;</subfield>
    <subfield code="b">&#x41C;.&#x41E;.</subfield>
  </datafield>
  <datafield tag="701" ind1=" " ind2="1">
    <subfield code="a">&#x411;&#x443;&#x440;&#x447;&#x443;&#x43B;&#x430;&#x434;&#x437;&#x435;</subfield>
    <subfield code="b">&#x422;.&#x412;.</subfield>
  </datafield>
  <datafield tag="701" ind1=" " ind2="1">
    <subfield code="a">&#x41A;&#x443;&#x43F;&#x440;&#x430;&#x434;&#x437;&#x435;</subfield>
    <subfield code="b">&#x412;.&#x414;.</subfield>
    <subfield code="g">&#x412;&#x438;&#x43A;&#x442;&#x43E;&#x440; &#x414;&#x43C;&#x438;&#x442;&#x440;&#x438;&#x435;&#x432;&#x438;&#x447;</subfield>
    <subfield code="4">340</subfield>
  </datafield>
  <datafield tag="801" ind1=" " ind2="0">
    <subfield code="a">RU</subfield>
    <subfield code="b">NLR</subfield>
    <subfield code="g">psbo</subfield>
  </datafield>
  <datafield tag="801" ind1=" " ind2="1">
    <subfield code="a">RU</subfield>
    <subfield code="b">ELAR</subfield>
    <subfield code="2">rusmarc</subfield>
  </datafield>
  <datafield tag="852" ind1=" " ind2=" ">
    <subfield code="a">NLR</subfield>
    <subfield code="j">76-7/879</subfield>
  </datafield>
  <datafield tag="942" ind1=" " ind2=" ">
    <subfield code="c">BOOK</subfield>
  </datafield>
  <datafield tag="980" ind1=" " ind2=" ">
    <subfield code="a">NB</subfield>
  </datafield>
  <datafield tag="995" ind1=" " ind2=" ">
    <subfield code="5">2013-10-26</subfield>
    <subfield code="b">NLR01</subfield>
    <subfield code="c">NLR01</subfield>
    <subfield code="e">RF91</subfield>
    <subfield code="f">7330863-10</subfield>
    <subfield code="k">76-7/879</subfield>
    <subfield code="o">0</subfield>
    <subfield code="r">BOOK</subfield>
    <subfield code="s">767879_</subfield>
  </datafield>
  <datafield tag="995" ind1=" " ind2=" ">
    <subfield code="5">2015-01-22</subfield>
    <subfield code="b">NLR01</subfield>
    <subfield code="c">NLR01</subfield>
    <subfield code="e">RF91</subfield>
    <subfield code="f">1-808657</subfield>
    <subfield code="k">76-7/879</subfield>
    <subfield code="o">0</subfield>
    <subfield code="r">BOOK</subfield>
    <subfield code="s">767879_</subfield>
  </datafield>
</record>
